[Event "Gibraltar Masters 18th"]
[Site "Caleta"]
[Date "2020.01.22"]
[Round "2"]
[White "Adhiban, Baskaran"]
[Black "Gschnitzer, Oswald"]
[Result "1-0"]
[WhiteElo "2654"]
[BlackElo "2361"]
[Annotator "Adhiban,B"]
[PlyCount "53"]
[EventDate "2020.01.21"]
[EventType "swiss"]
[EventRounds "10"]
[EventCountry "GGB"]
[SourceTitle "CBM 194 Extra"]
[Source "ChessBase"]
[SourceDate "2020.03.31"]
[SourceVersion "1"]
[SourceVersionDate "2020.03.31"]
[SourceQuality "1"]

{[%evp 0,53,32,27,23,5,5,0,28,-20,14,9,-3,-20,-3,-3,4,4,17,25,9,1,36,36,34,33,
54,44,52,60,43,39,39,40,44,31,31,31,22,0,0,0,45,35,226,243,294,265,328,328,336,
319,313,313,574,574] Before the start of the game, I met Stuart who exclaimed,
"The beast is back!" and I wanted it to make it a reality.} 1. d4 Nf6 2. c4 e6
3. Nc3 Bb4 4. Qc2 O-O 5. Nf3 (5. e4 d5 6. e5 Ne4 {is known to be very solid
for Black.}) 5... c5 6. dxc5 Na6 7. g3 Nxc5 8. Bg2 b6 (8... Nce4 {is possibly
Black's best bet.} 9. O-O Nxc3 10. bxc3 Be7 11. e4 d6 12. e5 dxe5 13. Nxe5 Qc7
{was checked in Xiong-Caruana, Tata 2020, where Black drew.}) 9. O-O Bb7 10.
Nb5 Be4 11. Qd1 Nb7 12. a3 a6 {He said this was his prep...} ({He had
previously played} 12... Be7 13. Bf4 {White is doing quite well here.}) 13.
axb4 axb5 14. Rxa8 Qxa8 15. b3 $5 {This looked solid while keeping the
pressure.} ({Comp is indignant that I didn't go for the greedy} 15. cxb5 $1 {
Somehow the idea of tripled pawns didn't look so inspiring, but maybe it was
the right way.} d5 16. Bf4 {with a big advantage to white.}) (15. Bg5 $5 bxc4
16. Bxf6 gxf6 {also didn't feel so threatening for Black.} 17. Qd4 d5 18. Qxf6
Qd8 {I felt Black was in time to defend his kingside.}) 15... bxc4 16. bxc4 d5
17. cxd5 Bxd5 (17... Rd8 $5 {looked more accurate.} 18. Qd4 $1 {with advantage.
}) (17... Nxd5 $1 18. Qd4 Nd6 {Black should eventually equalize here.}) 18. Bb2
Rd8 19. Bxf6 $5 {Permanently destroying Black's kingside pawn structure.} gxf6
20. Qc1 $1 {At first I wasn't so sure about my threats, but delving deeper I
realized that Black's position was quite difficult and I have some hidden
threats one of which I managed to execute in the game.} Kg7 (20... Nd6 21. Qh6
Ne8 (21... Ne4 22. h4 $5 {followed by Nh2-g4 etc.}) 22. e4 $1 {An excellent
shot.} Bxe4 ({Black has to settle for} 22... Bb7 $1 {after which it is still
hard for White to breakthrough.}) 23. Ng5 $1 fxg5 24. Bxe4 Qxe4 25. Qxg5+ {
[%cal Gg5d8] winning.}) 21. Qc7 $1 Rd6 ({After} 21... b5 {the simple} 22. Nh4 {
would keep the advantage.}) 22. e4 $1 {This was the missing link!! And exactly
the extra firepower I needed to break through Black's position.} Rc6 (22...
Bxe4 23. Ng5 fxg5 24. Bxe4 {wins.}) 23. Qf4 {I decided that this was the
cleanest.} (23. Qe7 Qc8 $1 {was a funny idea for Black.} (23... Bxe4 24. Ng5 {
with a similar fate.}) 24. e5 {was the winning way.} (24. exd5 Rc7 {going for
the queen!})) 23... Rc4 (23... Bc4 24. e5 f5 (24... Bxf1 25. exf6+ Kf8 26. Qg5
Bxg2 27. Qg7+ Ke8 28. Qg8+ Kd7 29. Ne5+ {winning.}) 25. Qg5+ Kf8 26. Qh6+ Ke8
27. Qxh7 {followed by Ng5 next.} Qd8 28. Ng5 Rc7 29. Bc6+ {was one sample line.
}) 24. Ne5 $1 {A nice tactic, breaking up Black's defences.} fxe5 25. Qg5+ Kf8
26. exd5 e4 27. dxe6 1-0

[Event "Hastings 9697"]
[Site "Hastings"]
[Date "1996.??.??"]
[Round "7"]
[White "Lalic, Bogdan"]
[Black "Motwani, Paul"]
[Result "1/2-1/2"]
[WhiteElo "2565"]
[BlackElo "2490"]
[Annotator "Alterman,B"]
[PlyCount "48"]
[EventDate "1996.12.??"]
[EventType "tourn"]
[EventRounds "9"]
[EventCountry "ENG"]
[EventCategory "13"]
[SourceTitle "CBM 057"]
[Source "ChessBase"]
[SourceDate "1997.04.01"]
[SourceVersion "1"]
[SourceVersionDate "1997.04.01"]
[SourceQuality "1"]

1. d4 Nf6 2. c4 e6 3. Nc3 Bb4 4. Qc2 c5 5. dxc5 O-O 6. a3 Bxc5 7. Nf3 Nc6 8.
Bf4 b6 9. Rd1 Bb7 10. e3 (10. h3 Rc8 11. Qb1 Be7 12. e4 Na5 13. Nd2 d6 14. b4
Nc6 15. Nf3 Ne8 16. e5 d5 17. cxd5 exd5 18. Nxd5 Nc7 19. Nxb6 axb6 20. Rxd8
Rfxd8 {1-0 Bareev,E-Lautier,J/Paris Immopar (01) 25' 1991 (36)}) (10. b4 Be7
11. e4 Rc8 12. Bd3 Nh5 13. Be3 Qc7 14. O-O Nf6 15. h3 Rfd8 16. Rc1 d6 17. Nd5 {
1/2-1/2 Kouatly,B-Hjartarson,J/Reykjavik FRA-ISD (08) ,CBM 35 1993}) 10... Rc8
11. Be2 Be7 12. O-O Na5 13. Ne5 d6 14. b4 Qc7 15. Nb5 (15. bxa5 $6 dxe5 16.
axb6 axb6 $15) 15... Qb8 16. Nxf7 (16. Nxd6 Bxd6 17. Nd7 Nxd7 18. Bxd6 (18.
Rxd6 $5 e5 19. Rxd7 exf4 20. bxa5 $14) 18... Qa8 19. Bxf8 Nxf8 20. bxa5 Bxg2
21. Rfe1 Rc5 $1 $44) 16... Rxf7 17. bxa5 (17. Bxd6 Be4 $6 (17... Qa8 $1 18.
Bxe7 Bxg2 19. Nd6 Bh3 $44) (17... Bxd6 18. Nxd6 Nc6 19. Nxf7 Kxf7 20. Bd3 Kg8
$16) 18. Qa2 Bxd6 19. Nxd6 $16 Nc6 20. Nxf7 Kxf7 21. f3 Bg6 $14) 17... e5 18.
Bg3 (18. Bg5 $5 a6 19. Bxf6 Rxf6 20. Nc3 Qa8 $1 $13) 18... a6 19. Nc3 b5 (19...
bxa5 20. f4 $44) 20. Qb3 (20. cxb5 $5 axb5 21. Qb3 (21. Bxb5 $6 Qa8 22. a6 Bxg2
23. Rfe1 Bh3 $17) 21... Qa8 22. f3 Qxa5 23. Nxb5 $14) 20... Qc7 21. Rc1 bxc4
22. Bxc4 Qxc4 23. Qxb7 Bd8 24. Qb2 (24. Qb4 $5 Qxb4 25. axb4 Rfc7 26. Ne2 Rxc1
27. Rxc1 Rxc1+ 28. Nxc1 Nd5 29. Na2 $14) 24... Qe6 1/2-1/2

[Event "Sarajevo Bosnia 34th"]
[Site "Sarajevo"]
[Date "2004.05.24"]
[Round "6"]
[White "Atalik, Suat"]
[Black "Kurajica, Bojan"]
[Result "1/2-1/2"]
[WhiteElo "2558"]
[BlackElo "2540"]
[Annotator "Atalik,S"]
[PlyCount "99"]
[EventDate "2004.05.18"]
[EventType "tourn"]
[EventRounds "9"]
[EventCountry "BIH"]
[EventCategory "15"]
[SourceTitle "CBM 101"]
[Source "ChessBase"]
[SourceDate "2004.07.27"]
[SourceVersion "1"]
[SourceVersionDate "2004.07.27"]
[SourceQuality "1"]

1. d4 Nf6 2. c4 e6 3. Nc3 Bb4 4. Qc2 c5 {An interesting decision from our
former World Junior Champion.} ({Usually he almost always went for} 4... O-O 5.
a3 Bxc3+ 6. Qxc3 Ne4 7. Qc2 f5 8. e3) 5. dxc5 O-O 6. a3 Bxc5 7. Nf3 Nc6 (7...
b6 8. Bg5 Bb7 9. Rd1 h6 10. Bh4 Be7 11. e4 Nh5 12. Bg3 Nc6 13. e5 $40 {was
tried by Ivan against him some rounds later.}) 8. Bf4 $5 ({Today I did not
feel like playing} 8. Bg5 Nd4 9. Nxd4 Bxd4 10. e3 Qa5 11. exd4 Qxg5 12. Qd2
Qxd2+ 13. Kxd2 $14) 8... Nh5 ({If someone asks to me} 8... d5 9. e3 Qa5 {
is the best by test of the years.}) 9. Bg3 f5 10. e3 $6 {White is not taking
advantage out of black's risky play.} (10. Rd1 b6) (10. e4 $1 $36 {is played
in Gelfand-Andersson,Tilburg 1990.}) 10... b6 11. Rd1 (11. Be2 $145) 11... Bb7
12. Be2 {First I had a timid choice in the beginning of the game and now I was
all set for a tactical game.} (12. Qd2 Nf6 13. Be2 $14) 12... Nxg3 13. hxg3 Rf7
14. g4 g6 15. gxf5 gxf5 16. Rh3 $6 {I have felt something strange about this
move and I was right with my 6th sens.} (16. e4 Qf6 17. exf5 Nd4 18. Nxd4 Bxd4
19. Ne4 Qg7 20. fxe6 dxe6 21. Rh4 Bxe4 22. Rxe4 Bxf2+ 23. Kd2 $13) 16... Rg7
17. g3 Qf6 18. Nb5 Rc8 19. b4 {I was already in sacrificial mood but I had to
chose one way from another.} (19. Nd6 $2 Bxd6 20. Rxd6 Na5 21. Nd2 b5 22. Qc3
Qxc3 23. bxc3 Nxc4 24. Bxc4 bxc4 25. Rh4 Bd5 $15) 19... Bf8 20. Nd6 $6 {
Brave and stupid as usual!} (20. Qb3 a5 21. Nd6 Bxd6 22. Rxd6 axb4 23. axb4 Qe7
24. c5 bxc5 25. bxc5 Nd8 26. Ne5 Rxc5 27. Rxd7 Qf8 $11 {is more or less equal
but at least white is no worse.}) 20... Bxd6 21. Rxd6 Qa1+ 22. Qd1 Qxa3 23.
Rxd7 {After the pawn sacrifice white will only have some compensation not
ample one.} (23. b5 Nb8) 23... Qxb4+ 24. Kf1 Qf8 $1 $15 {Bojan slightly short
on time and nervous but still on the full command of the game has chosen the
best defense.} 25. Rxg7+ {None of the other lines do work.} (25. Ng5 $2 Rd8) (
25. Rh6 $2 Rxd7 26. Qxd7 Qxh6 27. Qxb7 Rd8 (27... Qf8 28. Ng5 Ne7 29. Nxe6 Qf6
30. Nd4 a5 $17) 28. Kg2 e5 29. c5 bxc5 30. Bb5 Rd1 31. Nh4 Nd8 $19) (25. Rh5 $6
Rd8 26. Rxg7+ Qxg7 27. Qb1 Ne5 28. Ng5 Bc8 $17) 25... Qxg7 26. Qd6 Qa1+ (26...
Re8 27. Rh5) 27. Ne1 Qe5 (27... Qf6 28. Bf3) 28. Qd7 Rc7 29. Qe8+ Kg7 30. g4 $1
$44 {This was my trump in the game though white is still a pawn down.} (30. Rh5
Qf6 $17) (30. Qh5 Kf8 31. Qh6+ Rg7 $5 $17) 30... Re7 31. Qh5 Kf8 32. gxf5 exf5
33. Rf3 $6 {Probably I could have equalized at once!} (33. Bf3 Na5 34. Qh6+ Rg7
(34... Qg7 35. Qf4) 35. Nd3 Qa1+ 36. Ne1 $44) 33... Rf7 34. Rf4 Qf6 (34... Kg7
$5 35. Bf3 Rf6 $1 $15 (35... Na5 36. Bxb7 Nxb7 37. Nf3 $40)) 35. c5 $1 {
I had to break his pawn structure.} Ne5 36. cxb6 axb6 37. Qh3 Ng6 $2 $138 {
After the exchange of queens I felt relieved.} (37... Kg7 38. Rh4 h6 $17) 38.
Qh6+ Qg7 39. Qxg7+ (39. Qg5 Ne7) 39... Kxg7 40. Rb4 Rf6 41. Nd3 Be4 42. Rd4 $1
$44 {Now it is very difficult for black to coordinate his forces.} Kh6 43. f3
Bxd3 44. Bxd3 Ne5 45. Be2 f4 46. exf4 (46. Rxf4 $2 Rxf4 47. exf4 Ng6 48. Bd3
Nxf4 $19 {has serious winning chances.}) 46... Ng6 47. f5 $1 $11 {Now the game
is petered out to be a draw!} Rxf5 48. Rd6 Kg5 49. Rxb6 Nf4 50. Rb5 1/2-1/2

[Event "Paracin Summer op-A 10th"]
[Site "Paracin"]
[Date "2017.07.11"]
[Round "5"]
[White "Atalik, Suat"]
[Black "Kosic, Dragan"]
[Result "1-0"]
[WhiteElo "2525"]
[BlackElo "2487"]
[Annotator "Atalik,S"]
[PlyCount "113"]
[EventDate "2017.07.07"]
[EventType "swiss"]
[EventRounds "9"]
[EventCountry "SRB"]
[SourceTitle "CBM 180"]
[Source "ChessBase"]
[SourceDate "2017.09.13"]
[SourceVersion "1"]
[SourceVersionDate "2017.09.13"]
[SourceQuality "1"]

1. d4 Nf6 2. c4 e6 3. Nc3 Bb4 4. Qc2 O-O 5. Nf3 c5 6. dxc5 Na6 7. g3 Nxc5 8.
Bg2 b6 $5 (8... Nce4 9. O-O Nxc3 10. bxc3 Be7 11. e4 d6 12. e5 dxe5 13. Nxe5
Qc7 14. Qe2 Ne8 (14... Bd6 15. Bf4 Nd7 (15... Ne8 16. Rfd1) 16. Rfe1 Nxe5 17.
Bxe5 Bxe5 18. Qxe5 Qxc4 19. Red1 $44) 15. Bf4 Bd6 16. Rfd1 f6 17. Nd3 Qxc4 18.
Qb2 $44) 9. O-O Bb7 10. Nb5 $1 {The key move in this system.} Nce4 (10... Be4
$142 $1 11. Qd1 Nb7 {is the popular manoeuvre and for good reason!} 12. a3 $1 (
12. Bf4 a6 13. Nd6 (13. a3 $5 axb5 (13... Be7 14. Nc3 Bc6 15. b4 {is a
transposition.}) 14. axb4 Rxa1 15. Qxa1 bxc4 16. Qa6) 13... Nxd6 14. Bxd6 Bxd6
15. Qxd6 Qb8 16. Qxb8 Raxb8 17. Rfd1 Bxf3 $5 (17... Rfc8 18. Ne5)) 12... Be7
13. Bf4 Rc8 (13... a6 14. Nc3 Bc6 15. b4 Rc8 16. Qd3 $5 (16. Qb3 Nd6) (16. Rc1
a5 17. b5 (17. Qb3)) 16... a5 17. Rfb1 $5 $13) 14. Rc1 a6 15. Nc3 Bxf3 (15...
Bc6 16. b4 a5 17. b5 Bxf3 18. Bxf3 Nc5 $13) 16. Bxf3 Na5 17. b4 (17. e4 Nxc4
18. e5 Ne8 19. Bb7) 17... Nxc4 18. Bb7 Nh5 19. Bxc8 Qxc8 20. Bd2 b5 21. e4 Qb7
22. Qe2 $13) 11. Ng5 $1 d5 12. Nxe4 $5 (12. Rd1 {This is the main line but}
Nxf2 $5 (12... Qc8 $142) 13. Kxf2 Bc5+ 14. Kf1 h6 15. Ne4 Nxe4 16. Bxe4 Qf6+
17. Bf3 dxc4 18. Kg2 Bxf3+ 19. exf3 Rfd8 20. Rd2 $1 $18 {did not seem clear to
me especially considering the fact that I had missed the latter!}) 12... Nxe4
13. cxd5 exd5 14. Be3 $1 {Overprotection for the d4-square.} a6 15. Bxe4 $146 (
15. Qc7 {played by Antonsen make sense too.} Qb8 16. Qxb8 Raxb8 17. Nd4 $14)
15... dxe4 16. Rfd1 Qf6 $6 ({I was expecting} 16... Qe7 17. Qc7 axb5 18. Qxe7 (
18. Rd7 Qe6 19. Qxb7 Bc5 20. Bxc5 Rfb8 21. Qd5 bxc5 22. Qxe6 fxe6 $13) 18...
Bxe7 19. Rd7 Bc5 20. Rxb7 b4 21. Bxc5 bxc5 22. a4 bxa3 23. bxa3 Rfc8 $11) 17.
Qb3 Bc5 18. Nd6 $5 (18. Bxc5 bxc5 19. Nd6 Bc6) 18... Bxd6 $2 ({After} 18... Bc6
$1 {White may have to transpose with} 19. Bxc5 (19. Rac1 Rad8 20. Nc4 Bb5 21.
Bxc5 bxc5 22. a4 Bxc4 23. Rxc4 e3 $1 $132) (19. Nc4 Bb5) 19... bxc5 20. Qa3 e3
$1 21. Qxe3 Qxb2 22. Qxc5 Bd7 $44 {It is not easy to play these positions
without the fianchetto bishop.}) 19. Qxb6 Be5 $6 (19... Bxg3 20. Qxf6 gxf6 (
20... Bxh2+ $4 21. Kxh2 gxf6 22. Rd7 $1 (22. Rg1+ Kh8 23. Bd4) 22... Bc6 23.
Rg1+ Kh8 24. Bd4 $18) 21. hxg3 $16) 20. Qxb7 Rab8 21. Qxe4 Rxb2 {This should
be a clear win alas I am not sure if my technique was up to the job.} 22. Rd5 (
22. Bc5 Rfb8 (22... Rc8 23. Rac1 Rbb8 24. Ba7 $18) 23. Rab1 $16) 22... Bc3 23.
Bc5 $2 (23. Rc1 $1 Rxa2 $140 $2 (23... Rb5 24. Bc5) 24. Bc5 (24. Qc4 $2 Ra1 $1)
24... Qe6 25. Qf3 $18) 23... Qe6 $1 $138 {An excellent defence which I had
missed!} (23... Rc8 24. Rad1 Rbb8 25. Qd3 $18) 24. Qxe6 {After a long think I
went for the absolute 7th.} (24. Qd3 Rd2 25. Qxc3 Rxd5 26. Bxf8 Kxf8 27. Rb1
Rd8 28. Qc2 g6 $16) (24. Qc4 Rd2 25. Qxc3) ({I did not see} 24. Qf3 $1 Re8 25.
Rad1 Bf6 26. R1d2 $18) 24... fxe6 25. Rd3 Rc2 26. Rb1 Rc8 27. Rb7 $1 Bf6 28.
Be7 $1 {The point! However I am still not sure if the whole idea consisted of
a bluff or not.} Ba1 (28... Rxe2 29. Bxf6 gxf6 30. Rdd7 h5 31. Rg7+ Kh8 32. a4
$1 (32. Rh7+ Kg8 33. Rbg7+ Kf8 34. Ra7 Kg8 35. Rh6 (35. Rxh5 Rc1+ 36. Kg2 Rcc2)
35... f5) 32... Rc1+ $140 $2 (32... a5 33. Rh7+ Kg8 34. Rbg7+ Kf8 35. Ra7 Kg8
36. Rhg7+ Kh8 37. Rgf7 $18) (32... Ra2 33. Rh7+ Kg8 34. Rbg7+ Kf8 35. Ra7 Kg8
36. Rhg7+ Kh8 37. Rge7 $1 Rxa4 38. Rxe6 $18) (32... f5 33. Rh7+ Kg8 34. Rbg7+
Kf8 35. Ra7 Kg8 36. Rhg7+ Kh8 37. Rge7 f4 38. gxf4 Re1+ 39. Kg2 Re4 40. Rxa6
Rxf4 41. Raa7 Rg4+ 42. Kf1 Rc1+ 43. Ke2 Rc2+ 44. Ke3 $18) (32... e5 $2 33. Rh7+
Kg8 34. Rbg7+ Kf8 35. Ra7 Kg8 36. Rxh5 Rc1+ 37. Kg2 Rcc2 38. Rf5 $18) 33. Kg2
Rcc2 34. Rgd7 Rxf2+ 35. Kg1 $18) 29. Re3 e5 30. Bd6 Re8 31. Rb8 $1 {These
types of positions are usually converted with only a pair of rooks.} (31. a3 $5
) 31... Rxb8 32. Bxb8 Rc5 (32... Rxa2 $2 33. Bxe5 $18) 33. Ra3 Rc8 34. Ba7 Rc6
35. Kg2 Kf7 36. e4 g5 37. g4 $1 $18 {Not allowing any kingside squeeze.} Bc3 (
37... Bd4 38. Bxd4 exd4 39. Ra5 h6 40. Rd5 $18) 38. Rb3 Ba5 (38... Bd4 39. Rb7+
Kf6 40. Rxh7 Rc2 41. Bxd4 exd4 42. h4 gxh4 43. Rxh4 Ke5 44. g5 $18) 39. Be3 h6
40. Rb7+ Kg6 41. Kg3 $1 {The pawn thrust h4 becomes a threat.} Bd8 42. Rb8 Ba5
(42... Be7 43. a4 $1 {and the b6-square decides the game connected with a5 and
Rb6.}) 43. h4 gxh4+ 44. Kxh4 Rd6 45. Rg8+ Kf7 46. Rh8 Bd2 $1 {The best under
the circumstances and it includes a trap!} (46... Kg7 47. Re8 Bc3 48. Kh5 $18)
47. Bxd2 $5 ({My original intention may turn out to be a safer option.} 47.
Rh7+ Kg8 48. Ra7 Bxe3 49. fxe3 Rg6 (49... Rd3 50. Kh5 $18) 50. a4 Kf8 51. a5
Kg8 52. Kh5 $3 (52. g5 hxg5+ 53. Kg4 $18) 52... Rg5+ 53. Kxh6 Rxg4 54. Kh5 Rxe4
55. Kg6 Kf8 56. Rxa6 Rxe3 57. Ra8+ Ke7 58. a6 $18 {White's king does a great
job keeping its conterpart away from the g7- and h7-squares.}) 47... Rxd2 48.
Rxh6 $4 ({The important pawn should be defended.} 48. Kg3 $142 $1 Rd6 (48...
Rxa2 49. Rxh6 $18 {back to the game}) 49. a4 $18) 48... Rxa2 $2 $138 (48...
Rxf2 $1 49. Rxa6 Re2 50. Ra4 (50. a4 Rxe4 51. Kh5 Re1 52. g5 Rg1 53. Rf6+ Kg7
54. Rb6 Ra1 55. Rb4 Kf7 56. Kg4 Ke6 57. g6 Kf6 58. Rb6+ Kg7 59. Ra6 Re1 60. Kg5
e4 61. Ra7+ Kg8 62. Kf4 e3 $11) (50. g5 Rxe4+ 51. Kh5 Re1 52. g6+ (52. Kg4 Rf1
$1) (52. a4 e4) 52... Kg7 53. Kg5 Rf1 $1 54. a4 e4 55. Re6 Re1 56. Kf4 Rc1 $1
57. Rxe4 Rc5 $3 $11) (50. Kg5 Rxe4 51. Rf6+ Kg7 52. Rf2 Ra4) (50. Kh5 Rxe4 51.
Ra7+ (51. g5 Re1) 51... Ke6) 50... Kg6 $11 {is obviously the main idea based
on the fact that this is one of those positions where no win exists despite
two extra pawns!}) 49. Kg3 $18 {Now it becomes a trivial win with the pawn
mass on the kingside.} a5 50. Ra6 a4 51. g5 a3 52. f3 Ra1 53. Kg4 a2 54. Kf5
Rf1 55. Ra7+ (55. g6+ Kg7 56. Ra7+ Kg8 57. Rxa2 Rxf3+ 58. Kxe5 Kg7 59. Ke6 $18)
55... Kg8 56. Rxa2 Rxf3+ 57. Kg6 $5 (57. Kxe5 Kf7 58. Ra6 $18) (57. Kg6 Rf8 (
57... Kf8 58. Ra5) 58. Ra7 Re8 59. Kf6 Kf8 60. Rf7+ Kg8 61. Re7 $18) 1-0

[Event "EU-ch 7th"]
[Site "Kusadasi"]
[Date "2006.04.04"]
[Round "1"]
[White "Atalik, Suat"]
[Black "Sulskis, Sarunas"]
[Result "1-0"]
[WhiteElo "2632"]
[BlackElo "2497"]
[Annotator "Atalik,S"]
[PlyCount "67"]
[EventDate "2006.04.04"]
[EventType "swiss"]
[EventRounds "13"]
[EventCountry "TUR"]
[SourceTitle "CBM 111 Extra"]
[Source "ChessBase"]
[SourceDate "2006.05.09"]
[SourceVersion "1"]
[SourceVersionDate "2006.05.09"]
[SourceQuality "1"]

1. d4 Nf6 2. c4 e6 3. Nc3 Bb4 4. Qc2 {Having Ivan as my second there I came
back to Classical System in Nimzo.} c5 5. dxc5 O-O 6. a3 Bxc5 7. Nf3 b6 8. Bf4
Bb7 9. Rd1 d5 $5 {A rare move looking risky because of the d line.} 10. cxd5
Nxd5 11. Nxd5 Bxd5 12. Ng5 $5 {A move I picked up after a long thought.} (12.
e4 Qc8 13. Rc1 Bb7 14. b4 Be7 15. Qd3 Qe8 (15... Nc6 $5 16. b5 Rd8 17. Qb3 Na5
18. Rxc8 Nxb3 19. Rc7 Bxa3 20. Rxb7 Bb4+ 21. Ke2 Rac8 22. Rc7 Rxc7 23. Bxc7
Nc1+ 24. Ke3 Bc5+ 25. Kf4 Rd1 $44) (15... Qd8 $2 16. Rc7) 16. Rc7 Bc8 $132)
12... g6 13. e4 Qf6 (13... Qc8 $6 14. Qc3 Bb7 15. Qh3 h5 16. Be2 e5 17. Qxc8
Rxc8 18. Bxe5 Be7 19. Bf4 $16) 14. Qd2 Bb3 $5 {Very ambitious fitting Sarunas'
style.} (14... Bb7 15. Bd3 (15. b4 Bd4 (15... Be7 16. Nf3)) (15. e5 Qg7) 15...
Rd8 16. e5 Qg7 17. O-O $13) 15. e5 Qe7 $6 (15... Qg7 16. Ne4 Be7 17. Rc1 $13)
16. Rc1 {Sacrifices do not work yet.} (16. Ne4 $2 Bxd1 17. Nf6+ Kh8 18. Bg3 Rd8
19. Qh6 Bb4+ $1 $19) 16... Nc6 $2 ({I was expecting more} 16... f6 $1 17. exf6
(17. Ne4 fxe5 18. Nxc5 bxc5 19. Bxe5 Bd5 20. f3 Nc6 $17) 17... Qxf6 18. Bc4
Bxc4 (18... Rd8 19. Qxd8+ $3 {is the point.} Qxd8 20. Nxe6 Qf6 21. Bxb3 Kh8 22.
O-O Nd7 23. Bh6 Bf8 24. Nxf8 Nxf8 25. Bd2 $18) 19. Rxc4) 17. Ne4 Qd8 (17...
Rfd8 18. Qc3 Nd4 19. Nf6+ Kh8 20. Ba6 $16) 18. Nf6+ $1 (18. Rc3 Qxd2+ 19. Bxd2
Nd4 20. Nxc5 bxc5 21. Rxc5 $16) 18... Kh8 19. Nd7 $1 {A very nasty invasion in
black's camp.} Nd4 20. Nxc5 bxc5 21. Rxc5 Nc2+ $2 {Very strange!} (21... Qb6
22. Qxd4 Rfd8 23. Qb4 Rd1+ 24. Ke2 Qa6+ 25. Kf3 $18) (21... Qh4 22. Qxd4 (22.
Bd3 $5 Bd5 23. Bg5 Qh5 24. Bf6+ Kg8 25. Be2 Nxe2 26. Qxe2 Qxe2+ 27. Kxe2 $16)
22... Rfd8 23. Qe3 Rd1+ 24. Ke2 Rb1 {looked very unclear to me during the game
but probably white is winning after} 25. Bg5 Rxb2+ 26. Kd3 Qa4 27. Qc1 $18) 22.
Rxc2 Bxc2 23. Qxc2 $18 {Bishops are tremendously strong in such a position.}
Qd4 (23... Rc8 24. Qd2) 24. Be3 Qxe5 25. Bc4 Rab8 26. b3 a5 (26... Qa5+ 27. Ke2
) 27. O-O Kg8 28. a4 Rfd8 29. g3 Rb7 30. Bb5 Rc7 31. Qe2 Rc3 32. Bc4 $1 {
Imprisons the rook.} Qe4 33. Qe1 Qc2 34. Bb6 1-0

[Event "FRA-chT Gp-A"]
[Site "France"]
[Date "2003.01.31"]
[Round "1.7"]
[White "Moracchini, Fabrice"]
[Black "Efimov, Igor"]
[Result "0-1"]
[WhiteElo "2302"]
[BlackElo "2480"]
[Annotator "Atlas,V"]
[PlyCount "77"]
[EventDate "2003.01.31"]
[EventType "team"]
[EventRounds "7"]
[EventCountry "FRA"]
[SourceTitle "CBM 094"]
[Source "ChessBase"]
[SourceDate "2003.05.26"]
[SourceVersion "1"]
[SourceVersionDate "2003.05.26"]
[SourceQuality "1"]
[WhiteTeam "Drancy"]
[BlackTeam "Monaco"]
[WhiteTeamCountry "FRA"]
[BlackTeamCountry "FRA"]

1. d4 Nf6 2. c4 e6 3. Nc3 Bb4 4. Qc2 c5 5. dxc5 Bxc5 6. Nf3 b6 7. Bg5 Bb7 8. e3
Nc6 9. a3 Be7 10. Be2 O-O 11. O-O Rc8 12. Rfd1 a6 13. Rac1 Qc7 14. Bf4 Qd8 15.
Qb1 Ne8 16. Ne4 f6 17. Nd6 Nxd6 18. Bxd6 Rf7 19. b4 Bxd6 20. Rxd6 Qc7 21. Rcd1
Na7 22. R6d2 Rcf8 23. Bd3 g5 24. Be4 Bc8 25. Bd3 Nc6 26. Be2 Rg7 27. Qd3 g4 28.
Ne1 Ne5 29. Qd6 Qb7 30. Qd4 Rg5 31. e4 Qc6 32. Kh1 Bb7 33. f3 gxf3 34. Nxf3
Nxf3 35. Bxf3 Rf7 36. e5 $4 ({A terrible blunder severely punished by Black.
After prudent} 36. Qe3 {White would have a decent position.}) {[%tqu "En",
"White's last move was very careless. How can Black take advantage of it?","Go
after the enemy king!","Sacrifice your queen!","c6f3","A remarkable queen
sacrifice leads to a nice game conclusion.",5]} 36... Qxf3 $3 {[%csl Rh1][%cal
Gg5g1,Gf7f1,Gb7h1] A powerful blow concluding the game in style.} 37. gxf3
Bxf3+ 38. Rg2 Bxg2+ (38... Rxg2 {was, of course, winning too.}) 39. Kg1 ({
, and White resigned in view of the line:} 39. Kg1 Bd5+ 40. Kf1 fxe5+) 0-1